000 00342nam a22001457a 4500
008 221213b ||||| |||| 00| 0 eng d
020 _a9781934902721
041 _aeng
080 _2PERSONAL EDITION
_a61
082 _a61 MIL
100 _a2
101 _aMJEKSI
245 _aHCPCS MEDICARE LEVEL II EXPERT
_cMILLER.A.D
942 _2udc
_cBK
999 _c59184
_d59184